Sharjah Art Foundation Library

Ke Kiʻowai ʻo Honokawailani = Honokawailani Pond: A bilingual story of 'Ewa, O'ahu by the students of Ke Kula Kaiapuni 'o Waiau (Record no. 6517)

MARC details
000 -LEADER
fixed length control field 01094nam a2200205Ia 4500
001 - CONTROL NUMBER
control field 6517
008 - FIXED-LENGTH DATA ELEMENTS--GENERAL INFORMATION
fixed length control field 260427s9999 xx 000 0 und d
020 ## - INTERNATIONAL STANDARD BOOK NUMBER
International Standard Book Number 9780873363600
245 #0 - TITLE STATEMENT
Title Ke Kiʻowai ʻo Honokawailani = Honokawailani Pond: A bilingual story of 'Ewa, O'ahu by the students of Ke Kula Kaiapuni 'o Waiau
Statement of responsibility, etc. Editor: Puakea Nogelmeier
260 ## - PUBLICATION, DISTRIBUTION, ETC.
Place of publication, distribution, etc. Honolulu;
Name of publisher, distributor, etc. Kamehameha Publishing;
Date of publication, distribution, etc. 2017
300 ## - PHYSICAL DESCRIPTION
Extent 50p;
Dimensions 23x29cm
520 ## - SUMMARY, ETC.
Summary, etc. "When a kaikamahine gets lured into the mysterious Honokawailani pond, her worried parents search for her only to discover the secret of the pond that won't allow the girl to return back home. This legend of Waiau, on the 'Ewa district of O'ahu, is recalled by the students of Ke Kula Kaiapuni 'o Waiau through the mo'olelo of beloved Kupuna Sarah Keli'ilolena Lum Chee Konia Nākoa."--Publisher's Website
546 ## - LANGUAGE NOTE
Language note Hawaiian; English
650 ## - SUBJECT ADDED ENTRY--TOPICAL TERM
Topical term or geographic name entry element Folk literature
9 (RLIN) 9339
650 ## - SUBJECT ADDED ENTRY--TOPICAL TERM
Topical term or geographic name entry element Indigenous societies
9 (RLIN) 9260
650 ## - SUBJECT ADDED ENTRY--TOPICAL TERM
Topical term or geographic name entry element PN1-6790 Literature (General)
9 (RLIN) 21
651 ## - SUBJECT ADDED ENTRY--GEOGRAPHIC NAME
Geographic name Hawaii
9 (RLIN) 2928
655 ## - INDEX TERM--GENRE/FORM
Genre/form data or focus term Illustrated volume
9 (RLIN) 9340
942 ## - ADDED ENTRY ELEMENTS (KOHA)
Koha item type Book
Holdings
Withdrawn status Lost status Damaged status Not for loan Collection Home library Current library Shelving location Date acquired Source of acquisition Total Checkouts Full call number Barcode Date last seen Price effective from Koha item type
        Language and Literature SAF Reference Library SAF Reference Library   04/27/2026 SB15 reading room- Meleanna Meyer   PN1-6790 80.32 6517 04/27/2026 04/27/2026 Book

Copyright © 2022. Sharjah Art Foundation. All Rights Reserved.